|
|
|
|
| LEADER |
00000nas a2200000 a 4500 |
| 001 |
ssj0006990 |
| 003 |
WaSeSS |
| 005 |
20200512172242.0 |
| 006 |
m d |
| 007 |
cr n |
| 008 |
001113c19929999enkbx pss 0 0eng c |
| 010 |
|
|
|a 2002238331
|
| 015 |
|
|
|a GBA605120
|2 bnb
|
| 016 |
7 |
|
|a 013357533
|2 Uk
|
| 022 |
|
|
|a 1469-9400
|l 1067-0564
|y 1067-0564
|
| 035 |
|
|
|a (WaSeSS)ssj0006990
|
| 037 |
|
|
|b Carfax International Publishers, PO Box 25, Abingdon, Oxfordshire, OX14 3UE, UK
|
| 040 |
|
|
|a RCE
|b eng
|c RCE
|d OCLCQ
|d IUL
|d OCLCQ
|d F#A
|d MUQ
|d OCLCQ
|d CGU
|d OCLCQ
|d OCL
|d HNK
|d OCLCQ
|d OCLCF
|d OCL
|d OCLCQ
|d WT2
|d DLC
|d UKMGB
|d VT2
|d WaSeSS
|
| 042 |
|
|
|a pcc
|
| 043 |
|
|
|a a-cc---
|
| 050 |
0 |
0 |
|a DS701
|
| 082 |
0 |
4 |
|a 951.05
|
| 130 |
0 |
|
|a Journal of contemporary China (Online)
|
| 245 |
1 |
0 |
|a Journal of contemporary China
|h [electronic resource] =
|b Dang dai Zhongguo.
|
| 246 |
3 |
1 |
|a Dang dai Zhongguo
|
| 246 |
1 |
3 |
|a JCC
|
| 260 |
|
|
|a London :
|b Carfax
|
| 310 |
|
|
|a Six issues per year,
|b <2012->
|
| 321 |
|
|
|a 4 no. a year,
|b 2001-
|
| 321 |
|
|
|a Three no. a year,
|b -2000
|
| 362 |
1 |
|
|a Print began with vol. 1, no. 1 (fall 1992).
|
| 500 |
|
|
|a Imprint varies: Abingdon, Oxfordshire, UK : Carfax Pub., 1996-2004; Routledge Pub., 2005-
|
| 506 |
|
|
|a License restrictions may limit access.
|
| 538 |
|
|
|a Mode of access: World Wide Web.
|
| 588 |
|
|
|a Description based on: Vol. 5, no. 12 (July 1996); title from title screen (viewed Jan. 31, 2007).
|
| 588 |
|
|
|a Latest issue consulted: Vol. 26, no. 108 (2017) (Taylor & Francis Online, viewed Dec. 4, 2017).
|
| 648 |
|
7 |
|a Since 1976
|2 fast
|
| 650 |
|
7 |
|a Politics and government
|2 fast
|0 (OCoLC)fst01919741
|
| 651 |
|
0 |
|a China
|v Periodicals.
|
| 651 |
|
0 |
|a China
|x Politics and government
|y 1976-2002
|v Periodicals.
|
| 651 |
|
0 |
|a China
|x Politics and government
|y 2002-
|v Periodicals.
|
| 651 |
|
6 |
|a Chine
|v Périodiques.
|
| 651 |
|
6 |
|a Chine
|x Politique et gouvernement
|y 1976-
|v Périodiques.
|
| 651 |
|
7 |
|a China.
|2 fast
|0 (OCoLC)fst01206073
|
| 655 |
|
0 |
|a Electronic journals.
|
| 710 |
2 |
|
|a Center for Modern China.
|
| 776 |
0 |
8 |
|i Print version:
|t Journal of contemporary China
|x 1067-0564
|w (DLC) 93645212
|w (OCoLC)27128974
|
| 850 |
|
|
|a DLC
|
| 853 |
2 |
0 |
|8 1
|a v.
|b no.
|u 4
|v r
|i (year)
|j (month)
|w 4
|
| 856 |
4 |
0 |
|z Full text available from Research Library: 11/01/1997 to 11/30/2000
|u https://search.proquest.com/publication/29759
|
| 863 |
4 |
1 |
|8 1.1
|a <11>
|b <40>
|i <2002>
|j <02>
|